ბათუმის შოთა რუსთაველის სახელმწიფო უნივერსიტეტის ბიბლიოთეკა

Промышленная электроника(общий курс). (ბიბ.ჩანაწერი № 41142)

000 -LEADER
fixed length control field 00610nam a2200217Ia 4500
001 - CONTROL NUMBER
control field 7792
003 - CONTROL NUMBER IDENTIFIER
control field GE_BSU
008 - FIXED-LENGTH DATA ELEMENTS--GENERAL INFORMATION
fixed length control field 181216s||||||||xx |||||||||||||| ||und||
040 ## - CATALOGING SOURCE
Transcribing agency GE_BSU
080 ## - UNIVERSAL DECIMAL CLASSIFICATION NUMBER
Universal Decimal Classification number 621.38(075.8)
100 ## - MAIN ENTRY--PERSONAL NAME
Personal name Каганов,И.Л.
245 ## - TITLE STATEMENT
Title Промышленная электроника(общий курс).
245 ## - TITLE STATEMENT
Remainder of title Учебник.
245 ## - TITLE STATEMENT
Statement of responsibility, etc. Ред.В.В.Данилова.
260 ## - PUBLICATION, DISTRIBUTION, ETC.
Place of publication, distribution, etc. М.
260 ## - PUBLICATION, DISTRIBUTION, ETC.
Name of publisher, distributor, etc. Высшая школа.
260 ## - PUBLICATION, DISTRIBUTION, ETC.
Date of publication, distribution, etc. 1968.
300 ## - PHYSICAL DESCRIPTION
Extent 559стр. илл. 22см.
653 ## - INDEX TERM--UNCONTROLLED
Uncontrolled term Промышленная электроника.
942 ## - ADDED ENTRY ELEMENTS (KOHA)
Koha item type წიგნი
ეგზემპლარები
Withdrawn status Lost status Damaged status Not for loan Date acquired Barcode Date last seen Price effective from Koha item type
        2018-12-17 11030 2018-12-17 2018-12-17 წიგნი
        2018-12-17 11031 2018-12-17 2018-12-17 წიგნი
        2018-12-17 11032 2018-12-17 2018-12-17 წიგნი
        2018-12-17 11033 2018-12-17 2018-12-17 წიგნი
        2018-12-17 11034 2018-12-17 2018-12-17 წიგნი